Statistics for Premier League Teams 23/24 - Burnley

Click here to take the quiz!

General Stats

  • This quiz has been taken 4 times
  • The average score is 8 of 21

Answer Stats

QuestionAnswer% Correct
What is the name of their stadium?Turf Moor
100%
Which year did they win their most recent top division title?1960
75%
Who is the chairman?Alan Pace
75%
Which team is their closest rival?Blackburn Rovers
75%
What is the colour of their home kit?Claret and Blue
75%
How many consecutive seasons in the top division?One
75%
What is their nickname?The Clarets
75%
How many top division titles have they won?Two
75%
Who is their head Coach?Vincent Kompany
75%
Who is the owner of the club? (If more than one owner, use the person/company with the majority stake)ALK Capital LLC
50%
Which company sponsors their kit?W88
50%
Their record home attendance was against Huddersfield Town in 1924. How many were there. (To the nearest 1,000)54,775
25%
Their biggest loss was against Darwen Old Wanderers in 1886. What was the score?11-0
0%
Their record cup win was 9-0 which happened in 1909, 1957 and 1985. Can you name one of the teams?Crystal Palace, New Brighton and Penrith
0%
Their record league win was 9-0 in 1892. Who was it against?Darwen
0%
With 188 goals, who is their record goal scorer?George Beel
0%
With 569 games, who has played the most for them?Jerry Dawson
0%
Their oldest first team player was 41 years, 132 days. Who was it?Len Smelt
0%
What is their motto?Pretiumque et Causa Laboris
0%
...and what does it mean in English?The Prize and the Cause of our Labour
0%
Their youngest first team player was only 16 years, 174 days. What was his name?Tommy Lawton
0%

Score Distribution

Percentile by Number Answered

Percent of People with Each Score

Your Score History

You have not taken this quiz